Journal of Business Paradigms
Enregistré dans:
| Format: | Publication en série |
|---|---|
| Langue: | anglais |
| Publié: |
Rijeka
Business School PAR
|
| Tags: |
Pas de tags, Soyez le premier à ajouter un tag!
|
MARC
| LEADER | 00000nas1a2200000 4500 | ||
|---|---|---|---|
| 001 | 0287037 | ||
| 005 | 20240417080451.5 | ||
| 022 | |a 2584-6612 | ||
| 022 | |a 2459-5004 | ||
| 041 | 0 | |a eng | |
| 044 | |a HR | ||
| 245 | 1 | 0 | |a Journal of Business Paradigms |
| 264 | 1 | |a Rijeka |b Business School PAR | |